Statistics for 2020s Movie Co-Stars

Click here to take the quiz!

General Stats

  • This quiz has been taken 39 times
  • The average score is 12 of 20

Answer Stats

Co-StarsMovie% Correct
Margot Robbie, Ryan GoslingBarbie
100%
Tom Holland, Tobey MaguireSpider-Man:
No Way Home
92%
Cillian Murphy, Emily BluntOppenheimer
87%
Timothée Chalamet, ZendayaDune
84%
Austin Butler, Tom HanksElvis
84%
Robert Pattinson, Zoë KravitzThe Batman
84%
Tom Cruise, Miles TellerTop Gun: Maverick
84%
Barry Keoghan, Jacob ElordiSaltburn
71%
Michelle Yeoh, Jamie Lee CurtisEverything Everywhere
All At Once
66%
Leonardo DiCaprio, Lily GladstoneKillers of the
Flower Moon
66%
Glen Powell, Sydney SweeneyAnyone but You
58%
Keanu Reeves, Donnie YenJohn Wick: Chapter 4
50%
Bradley Cooper, Carey MulliganMaestro
50%
Emma Stone, Mark RuffaloPoor Things
50%
Anthony Hopkins, Olivia ColmanThe Father
50%
Anya Taylor-Joy, Ralph FiennesThe Menu
50%
Jim Carrey, James MarsdenSonic the Hedgehog
34%
Ansel Elgort, Rachel ZeglerWest Side Story
32%
Annette Bening, Jodie FosterNyad
21%
Sam Worthington, Kate WinsletAvatar: The Way
of Water
18%

Score Distribution

Percentile by Number Answered

Percent of People with Each Score

Your Score History

You have not taken this quiz